000
00264nam a2200097Ia 4500
001
815884
005
20250826171705.0
008
250824s9999 xx 000 0 und d
245
0
_a
ARDAHANDAN GELEN MEKTUP
_c
FEYZA HEPÇİLİNGİRLER
260
_b
KIRMIZI KEDİ YAYINLARI
999
_c
815884
_d
815884